| 000 | 01048nam a22003257a 4500 | ||
|---|---|---|---|
| 003 | CHAP | ||
| 005 | 20220817041602.0 | ||
| 008 | 971013s1967 r 00010 d | ||
| 010 | _a18843 | ||
| 011 | _a19815 | ||
| 035 | _a23900 | ||
| 040 | _cCHAP | ||
| 082 |
_a595.78 _bD5 |
||
| 100 | 0 | 0 |
_aDiakonoff, A. _932403 |
| 245 | _aMicrolepidoptera of the Philippine Islands | ||
| 260 |
_aWashington : _bSmithsonian Institution, _c1967 |
||
| 300 |
_a484 p. _b: ilus. |
||
| 490 |
_aU.S. National Museum. Bulletin _v; 257 |
||
| 590 |
_aBATCH-UPD _b10 _c20130110 _lUCH01 _h0314 |
||
| 590 |
_aBATCH-UPD _b10 _c20130110 _lUCH01 _h2301 |
||
| 590 |
_aBATCH-UPD _b10 _c20130409 _lUCH01 _h2347 |
||
| 590 |
_aBATCH-UPD _b10 _c20130914 _lUCH01 _h1201 |
||
| 590 |
_aCONVERSION _b10 _c20130109 _lUCH01 _h1311 |
||
| 650 | 1 | 4 |
_aEntomología _xFilipinas. _937129 |
| 650 | 1 | 4 |
_aLepidópteros _xFilipinas. _966257 |
| 830 | 0 |
_aU.S. National Museum Bulletin _v; 257 |
|
| 901 | _aBK | ||
| 942 | _cLIBRO | ||
| 949 |
_a595.78 D5 _bBC _cLIBRO _d33724000368098 _eLIBRO _h11640 _i23900 _mD _si |
||
| 999 |
_c18843 _d18843 |
||